Statistics for Highest Streamed Ariana Grande Songs

Click here to take the quiz!

General Stats

  • This quiz has been taken 69 times
    (39 since last reset)
  • The average score is 34 of 50

Answer Stats

Streams (thousands)Answer% Correct
11,958.27 rings
100%
17769.0Break Free (feat. Zedd)
100%
51,192.8positions
100%
14863.7Dangerous Woman
97%
11937.6God is a woman
97%
21,674.0thank u, next
97%
15830.834+35
93%
40211.534+35 remix (feat. Doja Cat, Megan Thee Stallion)
93%
13867.1break up with your girlfriend, i'm bored
93%
41,202.7no tears left to cry
93%
71,144.0One Last Time
93%
81,131.8Into You
90%
31,253.5Side To Side (feat. Nicki Minaj)
90%
19726.5Love Me Harder (feat. The Weeknd)
87%
21583.3breathin
83%
18748.6Problem (feat. Iggy Azalea)
83%
26358.3The Way (feat. Mac Miller)
83%
22439.3pov
80%
61,154.7Bang Bang (with Jessie J, Nicki Minaj)
77%
91,118.4Save Your Tears (Remix) [with The Weeknd]
77%
10939.3Stuck with U (with Justin Bieber)
73%
30289.6NASA
70%
12929.6Rain On Me (with Lady Gaga)
70%
34261.2bloodline
67%
29294.7Focus
67%
39219.8ghostin
67%
48172.7R.E.M.
67%
43203.3sweetener
67%
31267.0Be Alright
63%
38223.7Greedy
63%
27330.7needy
63%
20653.2boyfriend (with Social House)
60%
25367.8Everyday (feat. Future)
60%
42205.3fake smile
60%
24383.2imagine
60%
23391.5motive (with Doja Cat)
60%
35247.8bad idea
57%
32264.0Die For You (Remix) [with The Weeknd)
57%
28302.2Let Me Love You (feat. Lil Wayne)
57%
36230.7everytime
50%
41205.5goodnight n go
50%
37225.1in my head
50%
16830.5Santa Tell Me
50%
44195.7Best Mistake (feat. Big Sean)
47%
49172.4MONOPOLY (with Victoria Monet)
47%
45181.4Moonlight
47%
33263.6Almost Is Never Enough (feat. Nathan Sykes)
37%
50165.8Just A Little Bit Of Your Heart
20%
46180.3Last Christmas
13%
47176.7Santa Baby
7%

Score Distribution

Percentile by Number Answered

Percent of People with Each Score

Your Score History

You have not taken this quiz since the last reset